000 00425nam a2200217Ia 4500
003 IT-RoPAU
008 120407s9999 xx 000 0 und d
040 _aIT-RoPAU
040 _cIT-RoPAU
041 _aita
100 _aJ. J. Olier
245 _aGli ordini sacri
250 _aRoma
260 _aSales
260 _c1932
300 _a403 p.
300 _c15 cm
490 _v1
942 _cBK
999 _c34134
_d34134